| 000 | 01802nam2a22003011 4500 | ||
|---|---|---|---|
| 001 | rc\4223806 | ||
| 005 | 20260406084506.0 | ||
| 010 |
_bВ пер. _d90 к. _9122000 |
||
| 021 |
_aRU _b[66-24819] |
||
| 035 | _a(NLR Aleph) 008460505 | ||
| 090 |
_a7866363 _c7866363 |
||
| 100 | _a20130416d1966 k y0rusy50 ca | ||
| 101 | 0 | _arus | |
| 102 | _aRU | ||
| 105 | _aa z ||1a| | ||
| 200 | 1 |
_a[Записки ружейного охотника Оренбургской губернии _aРассказы и воспоминания охотника о разных охотах _aСтатьи об охоте _fиллюстрации: И. Глазунов _gпод общей редакцией и с примечаниями С. Машинского] |
|
| 210 | _d1966 | ||
| 215 |
_a488 с., 2 л. ил. _cил. |
||
| 320 | _aХронологический указатель произведений, вошедших в Собрание сочинений: с. 475-479 | ||
| 461 | 0 |
_1001rc\4223801 _12001#$aСобрание сочинений$eВ 5 т.$f[Под общ. ред., с вступ. статьей, с. 3-54, и примеч. С. Машинского$gИл.: Л. Хайлов]$v[Т.] 5 _1700#1$aАксаков$bС.Т.$f1791-1859$gСергей Тимофеевич _97866335 _aАксаков, С. Т. (1791-1859) _cМосква _d1966 _fС.Т. Аксаков _n"Правда" _oв 5-ти томах _tСобрание сочинений _v[Т.] 5 |
|
| 702 | 1 |
_aМашинский _bС. И. _f1914-1978 _gСемен Иосифович _4212 _4340 |
|
| 702 | 1 |
_4440 _7ca _8rus _aГлазунов _bИ. С. _f1930-2017 _gИлья Сергеевич _936103 _3RU\NLR\AUTH\7753170 |
|
| 801 | 0 |
_aRU _bNLR _gpsbo |
|
| 801 | 1 |
_aRU _bELAR _2rusmarc |
|
| 852 |
_aNLR _j66-3/986 |
||
| 942 | _cBOOK | ||
| 980 | _aNB | ||